000 00598nam a2200229Ia 4500
003 OSt
005 20220924132122.0
006 a|||||r|||| 00| 0
007 ta
008 220923b |||||||| |||| 00| 0 san d
024 _a14143
037 _cTextual
040 _aARTS
_cARTS
_bsan
041 _2san
_asan
082 _aN8xL50:1, 15G6-;1
100 _aNanjaraja
_9203793
245 0 _aSangita ganga haram ed by by Maharudiappa Revappa Sakhre
260 _c1936
650 _aARTS
942 _hN8xL50:1, 15G6-;1
_cTEXL
_2CC
999 _c429319
_d429319